| 000 | 00432nam a22001697a 4500 | ||
|---|---|---|---|
| 003 | CEME | ||
| 005 | 20210628202503.0 | ||
| 008 | 210316b xxu||||| |||| 00| 0 eng d | ||
| 020 | _a0-306-45036-4 | ||
| 040 | _c. | ||
| 082 | _a510 SHA'B | ||
| 100 |
_aShankar, R _960113 |
||
| 245 | _aBasic training in mathematics a fitness program for science students | ||
| 260 |
_aNEWYORK _bPLENUM _c1995 |
||
| 300 | _a365P | ||
| 942 |
_cBK _2ddc |
||
| 999 |
_c569928 _d569928 |
||